[Event "Titled Tuesday intern op 13th Apr"]
[Site "Chess.com INT"]
[Date "2021.04.13"]
[Round "6"]
[White "Seul, Georg"]
[Black "Kaufman, Raymond"]
[Result "1-0"]
[WhiteElo "2372"]
[BlackElo "2255"]
[PlyCount "95"]
[GameId "1639009974632448"]
[EventDate "2021.04.13"]
[EventType "swiss (blitz)"]
[EventRounds "11"]
[EventCountry "USA"]
[SourceTitle "CBM 201 Extra"]
[Source "ChessBase"]
[SourceDate "2021.05.31"]
[SourceVersion "1"]
[SourceVersionDate "2021.05.31"]
[SourceQuality "1"]

1. e4 c5 2. Nf3 e6 3. d3 Nc6 4. g3 g6 5. Bg2 Bg7 6. O-O Nge7 7. c3 O-O 8. Be3 b6 9. d4 cxd4 10. Nxd4 Bb7 11. Na3 d5 12. exd5 Nxd5 13. Nxc6 Bxc6 14. Bd2 Qc7 15. Qe2 Rad8 16. Rad1 Ne7 17. Bg5 Bxg2 18. Kxg2 Rxd1 19. Rxd1 Nf5 20. Qe4 h6 21. Bf4 Qc5 22. g4 Nh4+ 23. Kg3 g5 24. Bd6 Qc8 25. Bxf8 Bxf8 26. f3 Bxa3 27. bxa3 Qxc3 28. a4 Qb2 29. f4 Qa3+ 30. Rd3 Qc5 31. Rd8+ Kg7 32. Qd4+ Qxd4 33. Rxd4 Ng6 34. fxg5 hxg5 35. Rd7 Ne5 36. Rxa7 Kg6 37. a5 bxa5 38. Rxa5 Nc4 39. Ra4 Nb2 40. Ra8 f5 41. a4 f4+ 42. Kf2 e5 43. a5 e4 44. a6 e3+ 45. Kf3 Nc4 46. a7 Ne5+ 47. Ke2 Nc6 48. Rg8+ 1-0

[Event "Titled Tuesday intern op 13th Apr"]
[Site "Chess.com INT"]
[Date "2021.04.13"]
[Round "9"]
[White "Matsuura, Frederico"]
[Black "Kaufman, Raymond"]
[Result "1-0"]
[WhiteElo "2244"]
[BlackElo "2255"]
[PlyCount "83"]
[GameId "1639009976885248"]
[EventDate "2021.04.13"]
[EventType "swiss (blitz)"]
[EventRounds "11"]
[EventCountry "USA"]
[SourceTitle "CBM 201 Extra"]
[Source "ChessBase"]
[SourceDate "2021.05.31"]
[SourceVersion "1"]
[SourceVersionDate "2021.05.31"]
[SourceQuality "1"]

1. d4 Nf6 2. c4 g6 3. Nc3 d5 4. Nf3 Bg7 5. e3 O-O 6. Qb3 e6 7. Bd2 c5 8. cxd5 cxd4 9. Nxd4 Nxd5 10. Nxd5 exd5 11. Bc3 Nc6 12. Rd1 Be6 13. Be2 Qd7 14. O-O Rfd8 15. Rd2 Ne5 16. Nxe6 fxe6 17. e4 Qf7 18. exd5 exd5 19. Rfd1 Rf8 20. Qxd5 Qxd5 21. Rxd5 Nc6 22. Bxg7 Kxg7 23. Rd7+ Rf7 24. Rxf7+ Kxf7 25. Rd7+ Ke6 26. Rxb7 Rd8 27. g3 Rd2 28. Bg4+ Kf6 29. a4 Ne5 30. Bh3 Nd3 31. b4 Nxf2 32. Bf1 Ng4 33. Rxa7 Nxh2 34. Bg2 Ng4 35. Bf3 Ne5 36. Be4 Re2 37. Bg2 Nd3 38. b5 Re3 39. b6 Rxg3 40. b7 Nf4 41. b8=Q Rxg2+ 42. Kf1 1-0

[Event "Titled Tuesday intern op 13th Apr"]
[Site "Chess.com INT"]
[Date "2021.04.13"]
[Round "10"]
[White "Kaufman, Raymond"]
[Black "Steenbekkers, Franck"]
[Result "1-0"]
[WhiteElo "2255"]
[BlackElo "2164"]
[PlyCount "29"]
[GameId "1639009977389056"]
[EventDate "2021.04.13"]
[EventType "swiss (blitz)"]
[EventRounds "11"]
[EventCountry "USA"]
[SourceTitle "CBM 201 Extra"]
[Source "ChessBase"]
[SourceDate "2021.05.31"]
[SourceVersion "1"]
[SourceVersionDate "2021.05.31"]
[SourceQuality "1"]

1. d4 Nf6 2. c4 g6 3. f3 Bg7 4. e4 d6 5. Nc3 O-O 6. Nge2 a6 7. Be3 Nc6 8. Qd2 Rb8 9. Rc1 b5 10. cxb5 axb5 11. Nxb5 Rxb5 12. Rxc6 Bd7 13. Rc2 Qa8 14. Nc3 c5 15. Bxb5 1-0

[Event "Titled Tuesday intern op 18th May"]
[Site "Chess.com INT"]
[Date "2021.05.18"]
[Round "8"]
[White "Gelman, Alexander"]
[Black "Kaufman, Raymond"]
[Result "1-0"]
[WhiteElo "2403"]
[BlackElo "2255"]
[PlyCount "53"]
[GameId "1651696445620224"]
[EventDate "2021.05.18"]
[EventType "swiss (blitz)"]
[EventRounds "11"]
[EventCountry "USA"]
[SourceTitle "CBM 202 Extra"]
[Source "ChessBase"]
[SourceDate "2021.07.31"]
[SourceVersion "1"]
[SourceVersionDate "2021.07.31"]
[SourceQuality "1"]

1. d4 Nf6 2. Nc3 d5 3. Bf4 c5 4. e3 a6 5. Nf3 e6 6. Ne5 Bd6 7. dxc5 Bxc5 8. Qf3 Nc6 9. Bd3 Nd7 10. Nxc6 bxc6 11. Qg3 g6 12. e4 Qf6 13. e5 Qg7 14. h4 Bd4 15. O-O-O Bxe5 16. Rhe1 Bxf4+ 17. Qxf4 e5 18. Qa4 Bb7 19. Qb4 Rb8 20. f4 Qf8 21. Qd4 Qc5 22. Rxe5+ Kd8 23. Rxd5 cxd5 24. Qxh8+ Kc7 25. Qxh7 Qe3+ 26. Kb1 Qxf4 27. Rf1 1-0

[Event "Titled Tuesday intern op 18th May"]
[Site "Chess.com INT"]
[Date "2021.05.18"]
[Round "9"]
[White "Janaszak, Dawid"]
[Black "Kaufman, Raymond"]
[Result "1-0"]
[WhiteElo "2348"]
[BlackElo "2255"]
[PlyCount "89"]
[GameId "1651696448561152"]
[EventDate "2021.05.18"]
[EventType "swiss (blitz)"]
[EventRounds "11"]
[EventCountry "USA"]
[SourceTitle "CBM 202 Extra"]
[Source "ChessBase"]
[SourceDate "2021.07.31"]
[SourceVersion "1"]
[SourceVersionDate "2021.07.31"]
[SourceQuality "1"]

1. e4 c6 2. d4 d5 3. exd5 cxd5 4. Bd3 Nc6 5. c3 Nf6 6. Bf4 g6 7. Nf3 Bf5 8. Ne5 Bg7 9. O-O Bxd3 10. Nxd3 O-O 11. Nd2 Ne4 12. Nxe4 dxe4 13. Nc5 Qb6 14. Nd7 Qxb2 15. Nxf8 Rxf8 16. Qb3 Qxb3 17. axb3 e5 18. dxe5 Nxe5 19. Rxa7 Nd3 20. Bd2 Rc8 21. c4 Bd4 22. Rxb7 Nxf2 23. Rxf2 e3 24. Be1 exf2+ 25. Bxf2 Be5 26. c5 Rd8 27. g3 Rd1+ 28. Kg2 Rd2 29. Kf3 f5 30. h4 Rd3+ 31. Ke2 Rc3 32. b4 Rc2+ 33. Ke3 Rc3+ 34. Kd2 Rf3 35. Ke2 Rc3 36. Re7 Bf6 37. Rd7 Kf8 38. b5 Ke8 39. c6 Rb3 40. Rb7 Be5 41. c7 Kd7 42. b6 Rb2+ 43. Kf3 Rb3+ 44. Kg2 Rb2 45. Rb8 1-0

[Event "Titled Tuesday intern op 18th May"]
[Site "Chess.com INT"]
[Date "2021.05.18"]
[Round "10"]
[White "Kaufman, Raymond"]
[Black "Mohota, Nisha"]
[Result "1-0"]
[WhiteElo "2255"]
[BlackElo "2195"]
[PlyCount "61"]
[GameId "1651696449183744"]
[EventDate "2021.05.18"]
[EventType "swiss (blitz)"]
[EventRounds "11"]
[EventCountry "USA"]
[SourceTitle "CBM 202 Extra"]
[Source "ChessBase"]
[SourceDate "2021.07.31"]
[SourceVersion "1"]
[SourceVersionDate "2021.07.31"]
[SourceQuality "1"]

1. d4 Nf6 2. Bf4 g6 3. Nc3 d5 4. h4 Bg7 5. e3 c5 6. h5 a6 7. h6 Bf8 8. dxc5 Nc6 9. Qd2 e6 10. O-O-O Bxc5 11. Nf3 Qa5 12. Kb1 Bb4 13. Bd3 Bxc3 14. Qxc3 Qxc3 15. bxc3 Ng4 16. Bg3 O-O 17. c4 dxc4 18. Bxc4 b5 19. Bb3 Na5 20. Rd4 Nf6 21. Bh4 Nxb3 22. axb3 Nd5 23. e4 Nb6 24. Rhd1 Bb7 25. Ne5 Rab8 26. Bd8 Ba8 27. Bxb6 Rxb6 28. Nd7 Rbb8 29. Nxb8 Rxb8 30. Rd8+ Rxd8 31. Rxd8# 1-0

[Event "Titled Tuesday intern op 29th June"]
[Site "Chess.com INT"]
[Date "2021.06.29"]
[Round "3"]
[White "Peng, David T"]
[Black "Kaufman, Raymond"]
[Result "1-0"]
[WhiteElo "2287"]
[BlackElo "2255"]
[PlyCount "87"]
[GameId "1666895073202176"]
[EventDate "2021.06.29"]
[EventType "swiss (blitz)"]
[EventRounds "11"]
[EventCountry "USA"]
[SourceTitle "CBM 203 Extra"]
[Source "ChessBase"]
[SourceDate "2021.09.30"]
[SourceVersion "1"]
[SourceVersionDate "2021.09.30"]
[SourceQuality "1"]

1. e4 e5 2. Nf3 Nc6 3. Bb5 a6 4. Bxc6 dxc6 5. O-O Bg4 6. h3 Bh5 7. g4 Bg6 8. Nxe5 Bd6 9. Nxg6 hxg6 10. Qf3 Ne7 11. d4 f6 12. Nc3 Qd7 13. Be3 O-O-O 14. Rad1 Rh4 15. e5 Bb4 16. exf6 gxf6 17. Kg2 Rdh8 18. Rh1 f5 19. g5 Bxc3 20. bxc3 Nd5 21. c4 Nc3 22. Rd3 Ne4 23. d5 c5 24. Bf4 Qa4 25. d6 cxd6 26. Bxd6 Qxc2 27. Be5 Nxf2 28. Qxf2 Qxd3 29. Qxc5+ Kd7 30. Qc7+ Ke8 31. Re1 Qxh3+ 32. Kf2 Re4 33. Qc8+ Ke7 34. Qc7+ Ke8 35. Qb8+ Kf7 36. Qxb7+ Ke6 37. Qd5+ Ke7 38. Bd6+ Ke8 39. Qc6+ Kf7 40. Qd7+ Kg8 41. Rxe4 fxe4 42. Qe8+ Kg7 43. Be5+ Kh7 44. Qf7# 1-0

[Event "Titled Tuesday intern op 29th June"]
[Site "Chess.com INT"]
[Date "2021.06.29"]
[Round "4"]
[White "Kaufman, Raymond"]
[Black "Nefedov, Sergey Anatolievich"]
[Result "0-1"]
[WhiteElo "2255"]
[BlackElo "2313"]
[PlyCount "58"]
[GameId "1666895073591296"]
[EventDate "2021.06.29"]
[EventType "swiss (blitz)"]
[EventRounds "11"]
[EventCountry "USA"]
[SourceTitle "CBM 203 Extra"]
[Source "ChessBase"]
[SourceDate "2021.09.30"]
[SourceVersion "1"]
[SourceVersionDate "2021.09.30"]
[SourceQuality "1"]

1. e4 d5 2. exd5 Qxd5 3. Nc3 Qd8 4. d4 Nf6 5. Bf4 Bf5 6. Bd3 Bg6 7. Nf3 e6 8. Bxg6 hxg6 9. Qe2 c6 10. O-O-O Be7 11. Ne5 Nbd7 12. Rhe1 Nd5 13. Nxd5 cxd5 14. Nxf7 Kxf7 15. Qxe6+ Kf8 16. Bd6 Bxd6 17. Qxd6+ Kg8 18. Qxd5+ Kh7 19. g4 Nf6 20. Qf3 Rf8 21. d5 Qd6 22. Re6 Qb4 23. Qh3+ Kg8 24. d6 Rad8 25. Qb3 Qxb3 26. axb3 Nxg4 27. Rxg6 Nxf2 28. Rd4 Nh3 29. c4 Nf4 0-1

[Event "Titled Tuesday intern op 28th Sept"]
[Site "Chess.com INT"]
[Date "2021.09.28"]
[Round "5"]
[White "Petesch, Gabriel N"]
[Black "Kaufman, Raymond"]
[Result "1-0"]
[WhiteElo "2330"]
[BlackElo "2255"]
[PlyCount "99"]
[GameId "1699942211325952"]
[EventDate "2021.09.28"]
[EventType "swiss (blitz)"]
[EventRounds "11"]
[EventCountry "USA"]
[SourceTitle "CBM 204 Extra"]
[Source "ChessBase"]
[SourceDate "2021.11.30"]
[SourceVersion "1"]
[SourceVersionDate "2021.11.30"]
[SourceQuality "1"]

1. Nf3 d5 2. e3 Nf6 3. Be2 Bg4 4. Ne5 Bxe2 5. Qxe2 e6 6. Qb5+ Nbd7 7. Nxd7 Qxd7 8. Qxb7 Rd8 9. Qxa7 Bd6 10. Qd4 O-O 11. Qh4 e5 12. d3 c5 13. Qh3 Qe7 14. Nc3 d4 15. Nb5 e4 16. O-O Bb8 17. exd4 cxd4 18. Bg5 Qe5 19. Bxf6 gxf6 20. a4 f5 21. Qg3+ Kh8 22. Qxe5+ Bxe5 23. Rfe1 Rc8 24. dxe4 Rxc2 25. exf5 f6 26. Rad1 Rd8 27. g3 d3 28. b3 d2 29. Rf1 Rd3 30. Na3 Ra2 31. Nc4 Bc3 32. Kg2 Bb4 33. Rb1 Rc2 34. Rfd1 Kg7 35. Kf1 Rd8 36. Ke2 Re8+ 37. Ne3 h5 38. Ra1 Bc3 39. Rab1 Bb4 40. a5 Ra2 41. a6 Rxa6 42. Rb2 Ra3 43. Rdb1 Rd8 44. Rc2 Ra7 45. Rc4 Ba5 46. b4 Bb6 47. Rd1 Ra2 48. Rc2 Rxc2 49. Nxc2 Rd4 50. Nxd4 1-0

[Event "Titled Tuesday intern op 28th Sept"]
[Site "Chess.com INT"]
[Date "2021.09.28"]
[Round "6"]
[White "Kaufman, Raymond"]
[Black "Eynullayev, Atilla Elshan"]
[Result "0-1"]
[WhiteElo "2255"]
[BlackElo "2325"]
[PlyCount "86"]
[GameId "1699942211858432"]
[EventDate "2021.09.28"]
[EventType "swiss (blitz)"]
[EventRounds "11"]
[EventCountry "USA"]
[SourceTitle "CBM 204 Extra"]
[Source "ChessBase"]
[SourceDate "2021.11.30"]
[SourceVersion "1"]
[SourceVersionDate "2021.11.30"]
[SourceQuality "1"]

1. e4 c5 2. Nc3 e6 3. Nf3 Nc6 4. d4 cxd4 5. Nxd4 a6 6. Nxc6 bxc6 7. Bd3 d5 8. O-O Nf6 9. Qe2 Be7 10. b3 O-O 11. Bb2 Qc7 12. e5 Nd7 13. Na4 c5 14. c4 d4 15. f4 Bb7 16. Be4 g6 17. Rad1 Rab8 18. Bc1 Bxe4 19. Qxe4 h5 20. Nb2 a5 21. Kh1 Kg7 22. Rf3 Qb7 23. Qxb7 Rxb7 24. Bd2 Ra8 25. Na4 Nb6 26. Nxb6 Rxb6 27. a4 Rb7 28. h3 Bd8 29. g4 Rab8 30. Rb1 hxg4 31. hxg4 Bc7 32. Kg2 f6 33. exf6+ Kxf6 34. Rh3 Bd6 35. Bxa5 Bxf4 36. Be1 Be3 37. a5 Rxb3 38. Rxb3 Rxb3 39. Rh7 Ra3 40. Ra7 Ke5 41. Bg3+ Ke4 42. a6 Kd3 43. Re7 Rxa6 0-1

[Event "Titled Tuesday intern op 28th Sept"]
[Site "Chess.com INT"]
[Date "2021.09.28"]
[Round "8"]
[White "Omariev, Maksim"]
[Black "Kaufman, Raymond"]
[Result "0-1"]
[WhiteElo "2304"]
[BlackElo "2255"]
[PlyCount "90"]
[GameId "1699942213623808"]
[EventDate "2021.09.28"]
[EventType "swiss (blitz)"]
[EventRounds "11"]
[EventCountry "USA"]
[SourceTitle "CBM 204 Extra"]
[Source "ChessBase"]
[SourceDate "2021.11.30"]
[SourceVersion "1"]
[SourceVersionDate "2021.11.30"]
[SourceQuality "1"]

1. h4 e5 2. h5 Nf6 3. h6 g6 4. d4 exd4 5. Qxd4 Nc6 6. Qa4 d5 7. Bg5 Bd7 8. e3 Be7 9. Nf3 O-O 10. Nc3 Nb4 11. Qb3 a5 12. a4 c5 13. Nb5 Ne4 14. Bxe7 Qxe7 15. c3 Nc6 16. Qxd5 Rfe8 17. Bc4 Bf5 18. Qd1 Nxf2 19. Kxf2 Qxe3+ 20. Kg3 Re4 21. Be2 Qxe2 22. Qxe2 Rxe2 23. b3 Rae8 24. Rhe1 Rxe1 25. Rxe1 Rxe1 26. Nxe1 Be4 27. Nd6 Bd5 28. c4 Be6 29. Nxb7 Nd4 30. Nxc5 Bc8 31. Ned3 Bf5 32. Ne5 f6 33. Nf3 Nc6 34. Nd2 Bc2 35. Kf4 Kf8 36. Ne6+ Ke7 37. Nc7 g5+ 38. Ke3 f5 39. Nd5+ Kd6 40. Nf6 f4+ 41. Kf3 Ne5+ 42. Ke2 Bg6 43. Kf2 g4 44. Ke2 g3 45. Nde4+ Ke6 0-1

[Event "Titled Tuesday intern op 28th Sept"]
[Site "Chess.com INT"]
[Date "2021.09.28"]
[Round "11"]
[White "Kaufman, Raymond"]
[Black "Hasman, Cengiz"]
[Result "1-0"]
[WhiteElo "2255"]
[BlackElo "2101"]
[PlyCount "63"]
[GameId "1699942216323072"]
[EventDate "2021.09.28"]
[EventType "swiss (blitz)"]
[EventRounds "11"]
[EventCountry "USA"]
[SourceTitle "CBM 204 Extra"]
[Source "ChessBase"]
[SourceDate "2021.11.30"]
[SourceVersion "1"]
[SourceVersionDate "2021.11.30"]
[SourceQuality "1"]

1. e4 d6 2. d4 Nf6 3. Nc3 Nbd7 4. Nf3 e5 5. Bc4 Be7 6. O-O c6 7. a4 a5 8. Re1 Qc7 9. Ba2 h6 10. h3 Nf8 11. Be3 g5 12. Nh2 Ng6 13. Ng4 Nf4 14. dxe5 dxe5 15. Nxe5 Qxe5 16. Bd4 Qc7 17. e5 N6d5 18. e6 f6 19. Bxd5 cxd5 20. g3 Bxe6 21. gxf4 Bf7 22. Bxf6 Qxf4 23. Rxe7+ Kf8 24. Bxh8 Kxe7 25. Nxd5+ Bxd5 26. Qxd5 Rxh8 27. Re1+ Kf8 28. Qd8+ Kg7 29. Re7+ Kg6 30. Qxh8 Qc1+ 31. Kg2 Qxc2 32. Qh7+ 1-0

[Event "Titled Tuesday intern op 05th Oct"]
[Site "Chess.com INT"]
[Date "2021.10.05"]
[Round "1"]
[White "Kaufman, Raymond"]
[Black "Tologontegin, Semetey"]
[Result "0-1"]
[WhiteElo "2255"]
[BlackElo "2381"]
[PlyCount "46"]
[GameId "1702459485253632"]
[EventDate "2021.10.05"]
[EventType "swiss (blitz)"]
[EventRounds "11"]
[EventCountry "USA"]
[SourceTitle "CBM 204 Extra"]
[Source "ChessBase"]
[SourceDate "2021.11.30"]
[SourceVersion "1"]
[SourceVersionDate "2021.11.30"]
[SourceQuality "1"]

1. d4 Nf6 2. Nf3 e6 3. Bf4 b6 4. Nbd2 Bb7 5. e3 c5 6. h3 cxd4 7. exd4 Be7 8. Bd3 O-O 9. Qe2 d6 10. O-O-O Nbd7 11. Kb1 a6 12. Rhg1 b5 13. g4 Nd5 14. Bh2 Nb4 15. Be4 Bxe4 16. Nxe4 Qa5 17. a3 Nd5 18. Nxd6 b4 19. Nc4 Qb5 20. a4 Qxa4 21. Nfe5 Nxe5 22. Bxe5 Nc3+ 23. bxc3 bxc3 0-1

[Event "Titled Tuesday intern op 05th Oct"]
[Site "Chess.com INT"]
[Date "2021.10.05"]
[Round "2"]
[White "Grunberg, Mihai Lucian"]
[Black "Kaufman, Raymond"]
[Result "0-1"]
[WhiteElo "2401"]
[BlackElo "2255"]
[PlyCount "36"]
[GameId "1702459486138368"]
[EventDate "2021.10.05"]
[EventType "swiss (blitz)"]
[EventRounds "11"]
[EventCountry "USA"]
[SourceTitle "CBM 204 Extra"]
[Source "ChessBase"]
[SourceDate "2021.11.30"]
[SourceVersion "1"]
[SourceVersionDate "2021.11.30"]
[SourceQuality "1"]

1. Nf3 c5 2. c4 Nf6 3. d4 cxd4 4. Nxd4 Nc6 5. Nc3 e6 6. g3 Qb6 7. Nb3 Ne5 8. e3 Bb4 9. Bd2 Qc6 10. e4 Bxc3 11. Bxc3 Qxe4+ 12. Qe2 Nd3+ 13. Kd2 Qxh1 14. Kxd3 b6 15. Re1 Bb7 16. f4 Rc8 17. Nd4 d5 18. c5 Ba6+ 0-1

[Event "Titled Tuesday intern op 05th Oct"]
[Site "Chess.com INT"]
[Date "2021.10.05"]
[Round "6"]
[White "Kaufman, Raymond"]
[Black "Rodchenkov, Vitaly"]
[Result "0-1"]
[WhiteElo "2255"]
[BlackElo "2330"]
[PlyCount "50"]
[GameId "1702459491172352"]
[EventDate "2021.10.05"]
[EventType "swiss (blitz)"]
[EventRounds "11"]
[EventCountry "USA"]
[SourceTitle "CBM 204 Extra"]
[Source "ChessBase"]
[SourceDate "2021.11.30"]
[SourceVersion "1"]
[SourceVersionDate "2021.11.30"]
[SourceQuality "1"]

1. d4 Nf6 2. Nf3 b6 3. Bg5 Bb7 4. Bxf6 exf6 5. g3 f5 6. Bg2 g6 7. O-O Bg7 8. c3 O-O 9. Nbd2 d6 10. Ne1 Qc8 11. e4 fxe4 12. Nxe4 Nd7 13. Nd3 Re8 14. Qf3 Rb8 15. Qf4 Qd8 16. Rfe1 h6 17. h4 f5 18. Nd2 Bxg2 19. Kxg2 Nf6 20. Rxe8+ Qxe8 21. Re1 Qf7 22. c4 Re8 23. Rxe8+ Qxe8 24. Nf3 Qe4 25. Kg1 Qxd3 0-1

[Event "Titled Tuesday intern op 05th Oct"]
[Site "Chess.com INT"]
[Date "2021.10.05"]
[Round "8"]
[White "Ferreira, Vitor Hugo Vieira"]
[Black "Kaufman, Raymond"]
[Result "0-1"]
[WhiteElo "2123"]
[BlackElo "2255"]
[PlyCount "44"]
[GameId "1702459492569088"]
[EventDate "2021.10.05"]
[EventType "swiss (blitz)"]
[EventRounds "11"]
[EventCountry "USA"]
[SourceTitle "CBM 204 Extra"]
[Source "ChessBase"]
[SourceDate "2021.11.30"]
[SourceVersion "1"]
[SourceVersionDate "2021.11.30"]
[SourceQuality "1"]

1. Nf3 Nf6 2. g3 d5 3. Bg2 Bg4 4. O-O c6 5. c4 e6 6. cxd5 Bxf3 7. d3 Bxg2 8. Kxg2 Qxd5+ 9. e4 Qd7 10. Qb3 Na6 11. Qxb7 Qxb7 12. Bh6 gxh6 13. Rc1 Qxb2 14. Rxc6 Qxa1 15. Rc8+ Rxc8 16. Nc3 Qxc3 17. e5 Qxe5 18. d4 Qxd4 19. f4 Rc2+ 20. Kh3 Qe4 21. f5 Qxf5+ 22. g4 Qxg4# 0-1

[Event "Titled Tuesday intern op 18th Jan"]
[Site "Chess.com INT"]
[Date "2022.01.18"]
[Round "1"]
[White "Kim, Sergey2"]
[Black "Kaufman, Raymond"]
[Result "0-1"]
[WhiteElo "2295"]
[BlackElo "2255"]
[PlyCount "82"]
[GameId "1740537669722112"]
[EventDate "2022.01.18"]
[EventType "swiss (blitz)"]
[EventRounds "11"]
[EventCountry "USA"]
[SourceTitle "CBM 206 Extra"]
[Source "ChessBase"]
[SourceDate "2022.03.31"]
[SourceVersion "1"]
[SourceVersionDate "2022.03.31"]
[SourceQuality "1"]

1. d4 Nf6 2. c4 c5 3. d5 b5 4. cxb5 a6 5. b6 g6 6. Nc3 d6 7. e4 Nbd7 8. Be2 Bg7 9. Nf3 O-O 10. O-O Rb8 11. a4 Rxb6 12. Nd2 Rb4 13. Qc2 Qb6 14. Nc4 Qb8 15. Ra3 Ng4 16. f4 Bd4+ 17. Kh1 Nf2+ 18. Rxf2 Bxf2 19. Nd1 Bd4 20. Rg3 Nb6 21. b3 Nxc4 22. Bxc4 f5 23. Bd2 fxe4 24. Bxb4 Qxb4 25. Qxe4 Qd2 26. Qe2 Qc1 27. h3 Rxf4 28. Kh2 Rf7 29. Rf3 Be5+ 30. Kg1 Rxf3 31. Qxf3 Bf5 32. Bxa6 Qd2 33. Be2 Qe1+ 34. Qf1 Qg3 35. Qf3 Qh2+ 36. Kf1 Qh1+ 37. Kf2 Bd4+ 38. Kg3 Qe1+ 39. Nf2 Be5+ 40. Kh4 Qd2 41. g4 Qh6# 0-1

[Event "Titled Tuesday intern op 18th Jan"]
[Site "Chess.com INT"]
[Date "2022.01.18"]
[Round "4"]
[White "Sawlin, Leonid"]
[Black "Kaufman, Raymond"]
[Result "0-1"]
[WhiteElo "2409"]
[BlackElo "2255"]
[PlyCount "52"]
[GameId "1740537673420800"]
[EventDate "2022.01.18"]
[EventType "swiss (blitz)"]
[EventRounds "11"]
[EventCountry "USA"]
[SourceTitle "CBM 206 Extra"]
[Source "ChessBase"]
[SourceDate "2022.03.31"]
[SourceVersion "1"]
[SourceVersionDate "2022.03.31"]
[SourceQuality "1"]

1. e4 c5 2. Nf3 e6 3. Nc3 a6 4. g3 b5 5. Bg2 Bb7 6. a3 d6 7. d4 cxd4 8. Nxd4 Nf6 9. O-O Qc7 10. Re1 Be7 11. e5 dxe5 12. Ndxb5 axb5 13. Nxb5 Qc8 14. Bxb7 Qxb7 15. Nd6+ Bxd6 16. Qxd6 Nc6 17. b4 Nd4 18. Rd1 Rd8 19. Qxd8+ Kxd8 20. c3 Qf3 21. Be3 Ng4 22. cxd4 Nxe3 23. fxe3 Qxe3+ 24. Kg2 exd4 25. Rxd4+ Qxd4 26. Rd1 Qxd1 0-1

[Event "Titled Tuesday intern op 23rd Aug Late"]
[Site "Chess.com INT"]
[Date "2022.08.23"]
[Round "1"]
[White "Rustemov, Alexander"]
[Black "Kaufman, Raymond"]
[Result "0-1"]
[WhiteElo "2525"]
[BlackElo "2202"]
[PlyCount "96"]
[GameId "1819149998243840"]
[EventDate "2022.08.23"]
[EventType "swiss (blitz)"]
[EventRounds "11"]
[EventCountry "USA"]
[SourceTitle "EXT 2023"]
[Source "ChessBase"]
[SourceDate "2022.10.05"]
[SourceVersion "1"]
[SourceVersionDate "2022.10.05"]
[SourceQuality "1"]

1. d4 d5 2. c4 e6 3. Nc3 a6 4. cxd5 exd5 5. Nf3 Nf6 6. Bg5 Be6 7. e3 Nbd7 8. Bd3 c6 9. Qc2 Bd6 10. Bf4 Qc7 11. Bxd6 Qxd6 12. h3 O-O 13. O-O h6 14. Rfc1 Rac8 15. Na4 b5 16. Nc5 Nxc5 17. Qxc5 Qxc5 18. Rxc5 Nd7 19. Rc2 c5 20. dxc5 Nxc5 21. Be2 Na4 22. Rd2 Rc7 23. Nd4 Rfc8 24. Rad1 Rc1 25. Kh2 Kf8 26. Rxc1 Rxc1 27. Bd1 Nxb2 28. Rxb2 Rxd1 29. a4 bxa4 30. Ra2 Bd7 31. Rb2 a3 32. Ra2 Rd3 33. Ra1 Ba4 34. Kg3 Ke7 35. Kf4 Kd6 36. g4 Kc5 37. h4 Bd7 38. Nc2 Rd2 39. Nd4 Kb4 40. f3 a2 41. Rc1 Ka3 42. Rc7 a1=Q 43. Rxd7 Rxd4+ 44. exd4 Qxd4+ 45. Kg3 Qe5+ 46. Kg2 Qe2+ 47. Kg3 Qe6 48. Ra7 d4 0-1

[Event "Titled Tuesday intern op 23rd Aug Late"]
[Site "Chess.com INT"]
[Date "2022.08.23"]
[Round "3"]
[White "Kaufman, Raymond"]
[Black "Tanenbaum, Zachary Chen"]
[Result "0-1"]
[WhiteElo "2202"]
[BlackElo "2142"]
[PlyCount "48"]
[GameId "1819149999034368"]
[EventDate "2022.08.23"]
[EventType "swiss (blitz)"]
[EventRounds "11"]
[EventCountry "USA"]
[SourceTitle "EXT 2023"]
[Source "ChessBase"]
[SourceDate "2022.10.05"]
[SourceVersion "1"]
[SourceVersionDate "2022.10.05"]
[SourceQuality "1"]

1. d4 d5 2. c4 dxc4 3. Nf3 a6 4. e3 Nf6 5. Bxc4 e6 6. O-O c5 7. Bd3 Nc6 8. dxc5 Bxc5 9. Qe2 O-O 10. Rd1 Qc7 11. e4 Ng4 12. g3 Nxf2 13. Kg2 Nxd1 14. Qxd1 Rd8 15. Qe2 Nb4 16. Bf4 Bd6 17. e5 Nxd3 18. Qxd3 Be7 19. Qe2 Bd7 20. Nc3 Bc6 21. Ne4 Rac8 22. Re1 Bxe4 23. Qxe4 Qc2+ 24. Qxc2 Rxc2+ 0-1

[Event "Titled Tuesday intern op 23rd Aug Late"]
[Site "Chess.com INT"]
[Date "2022.08.23"]
[Round "7"]
[White "Kaufman, Raymond"]
[Black "Al Tarbosh, Ward"]
[Result "0-1"]
[WhiteElo "2202"]
[BlackElo "2214"]
[PlyCount "66"]
[GameId "1819150001172480"]
[EventDate "2022.08.23"]
[EventType "swiss (blitz)"]
[EventRounds "11"]
[EventCountry "USA"]
[SourceTitle "EXT 2023"]
[Source "ChessBase"]
[SourceDate "2022.10.05"]
[SourceVersion "1"]
[SourceVersionDate "2022.10.05"]
[SourceQuality "1"]

1. d4 b6 2. e4 Bb7 3. Bd3 e6 4. Nf3 c5 5. c3 Nf6 6. e5 Nd5 7. O-O cxd4 8. cxd4 Nc6 9. Qe2 Be7 10. Be4 Ncb4 11. a3 Ba6 12. Qd1 Bxf1 13. axb4 Bb5 14. Nc3 Bc6 15. Nxd5 Bxd5 16. Bxd5 exd5 17. Qb3 O-O 18. b5 d6 19. Qxd5 dxe5 20. Qxd8 Rfxd8 21. Nxe5 Rxd4 22. Be3 Rd5 23. Nc6 Bf6 24. g3 Rxb5 25. Ra6 Rxb2 26. Nxa7 h5 27. h4 b5 28. Rc6 b4 29. Nb5 b3 30. Nd6 Rb1+ 31. Kg2 b2 32. Rb6 Raa1 33. Rb8+ Kh7 0-1